| 000 | 02379nam0a2200361 4500 | ||
|---|---|---|---|
| 001 | RU\NLR\BIBL_A\016246499 | ||
| 005 | 20230126122527.0 | ||
| 010 |
_a978-5-04-173769-6 _93000 |
||
| 021 |
_aRU _bКН-П-22-086028 _9КН-П-22-7613 |
||
| 035 | _a(NLR Aleph) 016246499 | ||
| 035 | _a(RuMoRGB)011436865 | ||
| 090 |
_a12814127 _c12814127 |
||
| 100 | _a20221223d2023 u y0rusy50 ca | ||
| 101 | 1 |
_arus _cfre |
|
| 102 | _aRU | ||
| 105 | _ay z 000ay | ||
| 181 | 0 |
_ai4 _baxxe |
|
| 182 | 0 | _an | |
| 200 | 1 |
_aЛюби меня, я бегу от тебя _fМорган Монкомбл _gперевод с французского Екатерины Заштовт |
|
| 203 |
_aТекст _bвизуальный _cнепосредственный |
||
| 210 |
_aМосква _cLike book _cЭксмо _d2023 [т. е. 2022] |
||
| 215 |
_a429, [1] с. _d21 |
||
| 300 | _aКн. фактически изд. в 2022 г. | ||
| 330 | _aЛучший способ забыть бывшего - переспать с незнакомцем. Во всяком случае, Зои Камара в этом точно уверена. Она даже встретила идеального кандидата на эту роль: ослепительная улыбка, стальной пресс и нелепый рождественский свитер. Но ночь, которую они провели вместе, оказалась худшей в жизни Зои. Спустя несколько недель этот парень вновь появляется на ее пути. Его зовут Джейсон, и он - лучший друг соседа Зои по квартире. Вот так сюрприз. Несмотря на неприязнь к Джейсону, ей придется попросить его о помощи. Но этот парень, похоже, затеял какую-то игру. Он еще не знает, что Зои не привыкла проигрывать | ||
| 333 | _a18+ | ||
| 675 |
_a821.133.1-31 _v4 |
||
| 686 | 1 | _aШ6(4Фр)67-440.4{Лх1649-50} | |
| 700 | 1 |
_7ca _8rus _aМонкомбл _bМ. _f1996- _gМорган _9248595 _3RU\NLR\AUTH\770248651 |
|
| 942 | _cBOOK | ||
| 980 | _aNB | ||